<?xml version="1.0" encoding="UTF-8"?>
<collection xmlns="http://www.loc.gov/MARC21/slim">
 <record>
  <leader>00775cam a2200205 7i4500</leader>
  <controlfield tag="001">0000130061</controlfield>
  <controlfield tag="005">20171112090000.0</controlfield>
  <controlfield tag="008">171030s2012    my                  eng   </controlfield>
  <datafield tag="020" ind1="#" ind2="0">
   <subfield code="a">9789833862184 </subfield>
  </datafield>
  <datafield tag="090" ind1="0" ind2="0">
   <subfield code="a">TX 360 .M25 </subfield>
   <subfield code="b">M8 2012</subfield>
  </datafield>
  <datafield tag="100" ind1="1" ind2="#">
   <subfield code="a">Munan, Heidi </subfield>
  </datafield>
  <datafield tag="245" ind1="1" ind2="0">
   <subfield code="a">Food heritage of Sarawak : </subfield>
   <subfield code="b">a cultural perspective  </subfield>
   <subfield code="c">Heidi Munan.</subfield>
  </datafield>
  <datafield tag="260" ind1="#" ind2="#">
   <subfield code="a">[Kuala Lumpur?]: </subfield>
   <subfield code="b">Department of National Haritage, </subfield>
   <subfield code="c">2012.</subfield>
  </datafield>
  <datafield tag="300" ind1="#" ind2="#">
   <subfield code="a">233 p.: </subfield>
   <subfield code="b">col. ill., map; </subfield>
   <subfield code="c">25 cm..</subfield>
  </datafield>
  <datafield tag="490" ind1="0" ind2="0">
   <subfield code="a">Al-Bukhary series; </subfield>
   <subfield code="v">II</subfield>
  </datafield>
  <datafield tag="590" ind1="#" ind2="#">
   <subfield code="a">Perpustakaan Sultanah Nur Zahirah</subfield>
  </datafield>
  <datafield tag="650" ind1="0" ind2="0">
   <subfield code="a">Food crops -- </subfield>
   <subfield code="z">Malaysia -- </subfield>
   <subfield code="z">Sarawak </subfield>
  </datafield>
  <datafield tag="650" ind1="0" ind2="0">
   <subfield code="a">Food -- </subfield>
   <subfield code="x">Social aspects -- </subfield>
   <subfield code="z">Malaysia -- </subfield>
   <subfield code="z">Sarawak </subfield>
  </datafield>
  <datafield tag="650" ind1="0" ind2="0">
   <subfield code="a">Food habits -- </subfield>
   <subfield code="z">Malaysia -- </subfield>
   <subfield code="z">Sarawak </subfield>
  </datafield>
  <datafield tag="999" ind1=" " ind2=" ">
   <subfield code="a">1100099879</subfield>
   <subfield code="b">Book</subfield>
   <subfield code="c">Open Shelf</subfield>
   <subfield code="e">KOLEKSI TERBUKA</subfield>
  </datafield>
 </record>
</collection>
